000 00465nam a2200193Ia 4500
003 OSt
005 20250802104215.0
008 250729s2005 xx 000 0 und d
020 _a81-7141-658-6
040 _cAL
041 _aeng
082 _a375 EDIE
100 _aEdiger Marlow
_9220786
245 _aElementary curriculum
260 _aNew Delhi
_bDiscovery Publishing House
_c2005
300 _a489p
650 _aEducation
_9220787
942 _2ddc
_cBED
999 _c234730
_d234730